000 00445nam a22001817a 4500
003 MPLRDC
005 20220104173150.0
008 210129b ||||| |||| 00| 0 eng d
020 _a0-10-581124-0
082 _a859.9 AES-3 c.2
100 _aAESOP, GWENDOLINE DUN
245 _aSTORIES FROM AESOP
_c
250 _a一版十刷
260 _a
_bOXFORD
_c1984
300 _b
650 _aCHILDREN LITERATURE
942 _cBK
_o859.9 AES-3 c.2
999 _c59293
_d59283